01058nas a2200277Ia 4500001001600000003001000016008004100026040002500067041001300092100001900105210001200124222001200136245007900148250001100227260000900238501012300247300001600370362003000386500009500416650003400511700001100545942000700556957000600563999003300569952017800602A03/R026-42142 IT-MiCISF161014c99999999xx |||||||||||| ||und|| aIT-MiCISFcIT-MiCISF aITALIANO aOberto Giacomo aFamilia aFamilia 0aI trasferimenti patrimoniali in occasione della separazione e del divorzio a1a ed. c2006 bCISF - Centro Internazionale Studi Famiglia - Via Giotto, 36 20145 MILANO (non commercial uses only)cCopyright 2016 app. 181-214 an. 2, marzo-aprile [2006] a Tema: separazione, divorzio, rapporti-patrimoniali, obbligo-di-mantenimento, legislazione aFAMIGLIA - divorziovarticolo aAA.VV. cCR 71 a42142bSig1c234293d234293 0010406A_03_000000000000000_R0264214271aCISFbCISFd2016-10-14l0oA03/R026-42142 r2016-10-14 00:00:00w2016-10-14yCRzData import 15.10.2016 / by Epidotti, Vaglietti